Villes françaises et régions (lettre C) - Statistiques

Statistiques générales
  • Ce quiz a été pris 31 fois
    30 depuis la dernière actualisation
  • Le résultat moyen est 17 sur 25
Statistiques - réponses
Hint Réponse % Correct
Cambrai Hauts-de-France
96%
Cannes Provence-Alpes-Côte-d'Azur
96%
Cagnes-sur-Mer Provence-Alpes-Côte-d'Azur
92%
Calvi Corse
88%
Calais Hauts-de-France
88%
Chambéry Auvergne-Rhône-Alpes
84%
Créteil Île-de-France
84%
Cherbourg-en-Cotentin Normandie
84%
Carcassonne Occitanie
80%
Chalon-sur-Saône Bourgogne-Franche-Comté
76%
Châteauroux Centre-Val-de-Loire
72%
Chartres Centre-Val-de-Loire
68%
Compiègne Hauts-de-France
68%
Charleville-Mézières Grand Est
64%
Castres Occitanie
64%
Couëron Pays de la Loire
64%
Chaumont Grand Est
60%
Coutances Normandie
60%
Cerbère Occitanie
60%
Céret Occitanie
52%
Champagnole Bourgogne-Franche-Comté
48%
Crest Auvergne-Rhône-Alpes
44%
Châtellerault Nouvelle-Aquitaine
44%
Cosne-Cours-sur-Loire Bourgogne-Franche-Comté
40%
Combloux Auvergne-Rhône-Alpes
36%
Aucun quiz correspondant
Distribution des résultats
% des personnes avec chaque résultat
Percentile par nombre de réponses
Votre historique - résultats
Vous n’avez pas pris ce quiz depuis la dernière actualisation